Prensa diaria y religión (Record no. 10743)

MARC details
000 -LEADER
campo de control de longitud fija 00649nam a22002295i 4500
001 - NÚMERO DE CONTROL
campo de control 10743
003 - IDENTIFICADOR DE NÚMERO DE CONTROL
campo de control ES-MaACL
005 - FECHA Y HORA DE LA ÚLTIMA TRANSACCIÓN
campo de control 20230906145941.0
007 - CAMPO FIJO DE DESCRIPCIÓN FÍSICA--INFORMACIÓN GENERAL
campo de control de longitud fija t|
008 - DATOS DE LONGITUD FIJA--INFORMACIÓN GENERAL
campo de control de longitud fija 940906s1993 sp ||||0| spa j
020 ## - NÚMERO INTERNACIONAL ESTÁNDAR DEL LIBRO
Número Internacional Estándar del Libro 84-87705-11-1
040 ## - FUENTE DE CATALOGACIÓN
Centro catalogador/agencia de origen M-BN
Lengua de catalogación spa
Centro/agencia transcriptor M-BN
080 ## - NÚMERO DE LA CLASIFICACIÓN DECIMAL UNIVERSAL
Número de la Clasificación Decimal Universal 239:282
080 ## - NÚMERO DE LA CLASIFICACIÓN DECIMAL UNIVERSAL
Número de la Clasificación Decimal Universal 282:239
100 1# - ENTRADA PRINCIPAL--NOMBRE DE PERSONA
Nombre de persona Roquizo Ley, Emilio.
9 (RLIN) 99557
245 10 - MENCIÓN DEL TÍTULO
Título Prensa diaria y religión
Resto del título : laicocracia - 1 /
Mención de responsabilidad, etc. Emilio Roquizo Ley.
260 ## - PUBLICACIÓN, DISTRIBUCIÓN, ETC.
Lugar de publicación, distribución, etc. Zaragoza :
Nombre del editor, distribuidor, etc. Yalde,
Fecha de publicación, distribución, etc. D.L. 1993.
300 ## - DESCRIPCIÓN FÍSICA
Extensión 241 p ;
Dimensiones 20 cm.
500 ## - NOTA GENERAL
Nota general Indice.
610 27 - PUNTO DE ACCESO ADICIONAL DE MATERIA--NOMBRE DE ENTIDAD CORPORATIVA
Nombre de entidad corporativa o nombre de jurisdicción como elemento de entrada Iglesia Católica-
Subdivisión de forma Obras de controversia.
9 (RLIN) 4654
852 ## - LOCALIZACIÓN
Ubicación ES-MaACL
Número de control de estantería L-18094
Sublocalización o colección R.124392
Holdings
Estatus retirado Estado de pérdida Estado de daño No para préstamo Biblioteca de origen Biblioteca actual Ubicación en estantería Fecha de adquisición Fuente de adquisición Total de préstamos Signatura topográfica completa Código de barras Visto por última vez Precio de reemplazo Tipo de ítem Koha
        Biblioteca del Ateneo de Madrid Biblioteca del Ateneo de Madrid Depósito 2 17/01/2008     L-18094 1010959 23/02/2023 23/02/2023 Libro impreso